West Ham United Top Goalscorers of all time - Statistics

General Stats
  • This quiz has been taken 38 times
    17 since last reset
  • The average score is 23 of 52
Answer Stats
Player APP Goals % Correct
Michail Antonio 316 83
94%
Mark Noble 550 62
88%
Bobby Moore 576 25
81%
Jarrod Bowen 211 63
81%
Paolo Di Canio 139 50
81%
Sir Geoff Hurst 440 197
81%
Sir Trevor Brooking 481 79
81%
John Bond 237 24
75%
Billy Bonds 603 46
69%
John Dick 364 176
69%
Tony Cottee 303 131
69%
Andy Carrol 142 34
63%
Frank Lampard 179 33
63%
Martin Peters 326 88
63%
Carlton Cole 293 67
56%
Kevin Nolan 157 31
56%
Manuel Lanzini 226 32
56%
Marko Arnautovic 65 22
56%
Teddy Sheringham 86 30
56%
Tomas Soucek 216 34
56%
Vic Watson 505 326
56%
Julian Dicks 194 30
50%
Trevor Sinclair 202 38
50%
Alvin Martin 346 24
44%
Frank McAvennie 135 45
44%
Jermain Defoe 104 40
44%
John Hartson 68 28
44%
Pablo Fornals 203 23
44%
Alan Taylor 100 27
38%
Clyde Best 191 48
38%
David Cross 91 38
38%
Diafra Sakho 71 24
38%
Marlon Harewood 166 56
38%
Pop Robson 201 76
38%
Ray Stewart 307 54
38%
Bobby Zamora 149 40
31%
Said Benrahma 155 24
31%
Billy Jennings 105 37
25%
Frederic Kanoute 91 33
25%
John Sissons 236 44
25%
Paul Goddard 147 41
25%
Peter Brabrook 188 34
25%
Ron Boyce 307 27
25%
Brian Dear 77 37
19%
Malcolm Musgrove 183 63
19%
Geoff Pike 245 23
13%
Jimmy Ruffell 505 166
13%
Alan Sealey 117 25
6%
Phil Woosnam 138 26
6%
Alan Dickers 213 26
0%
Johnny Bryne 182 91
0%
Vic Keeble 50 26
0%
No matching quizzes found
Score Distribution
Percent of People with Each Score
Percentile by Number Answered
Your Score History
You have not taken this quiz since the last reset